<?xml version="1.0" encoding="UTF-8"?>
<collection xmlns="http://www.loc.gov/MARC21/slim">
 <record>
  <leader>01054nam a2200217 a 4500</leader>
  <controlfield tag="001">1/53494</controlfield>
  <controlfield tag="008">210905s2020    sz            100 | eng d</controlfield>
  <datafield tag="020" ind1=" " ind2=" ">
   <subfield code="a">9783030390334</subfield>
  </datafield>
  <datafield tag="040" ind1=" " ind2=" ">
   <subfield code="a">GR-PeUP</subfield>
  </datafield>
  <datafield tag="082" ind1="0" ind2="0">
   <subfield code="a">658.403 INT</subfield>
  </datafield>
  <datafield tag="111" ind1="2" ind2="0">
   <subfield code="a">International Conference on Biologically Inspired Techniques in Many-Criteria Decision Making</subfield>
   <subfield code="d">(2020 :</subfield>
   <subfield code="c">Cham, Switzerland)</subfield>
  </datafield>
  <datafield tag="245" ind1="1" ind2="0">
   <subfield code="a">Biologically inspired techniques in many-criteria decision making :</subfield>
   <subfield code="b">international conference on biologically inspired techniques in many-criteria decision making (BITMDM-2019) /</subfield>
   <subfield code="c">Satchidananda Dehuri... [κ.ά.]</subfield>
  </datafield>
  <datafield tag="260" ind1=" " ind2=" ">
   <subfield code="a">Cham : </subfield>
   <subfield code="b">Springer,</subfield>
   <subfield code="c">2020.</subfield>
  </datafield>
  <datafield tag="300" ind1=" " ind2=" ">
   <subfield code="a">258 σ. ;</subfield>
   <subfield code="c">22 εκ.</subfield>
  </datafield>
  <datafield tag="490" ind1="1" ind2=" ">
   <subfield code="a">Learning and Analytics in Intelligent Systems ;</subfield>
  </datafield>
  <datafield tag="650" ind1=" " ind2="0">
   <subfield code="a">Multiple criteria decision making.</subfield>
  </datafield>
  <datafield tag="650" ind1=" " ind2="4">
   <subfield code="a">Πολυκριτηριακή λήψη αποφάσεων.</subfield>
  </datafield>
  <datafield tag="700" ind1="1" ind2=" ">
   <subfield code="a">Dehuri, Satchidananda.</subfield>
  </datafield>
  <datafield tag="830" ind1=" " ind2="2">
   <subfield code="a">Learning and analytics in intelligent systems ;</subfield>
   <subfield code="v">10</subfield>
  </datafield>
  <datafield tag="852" ind1=" " ind2=" ">
   <subfield code="a">INST</subfield>
   <subfield code="b">UNIPILB</subfield>
   <subfield code="c">MAIN</subfield>
   <subfield code="e">20210905</subfield>
   <subfield code="h">658.403 INT</subfield>
   <subfield code="p">00183753</subfield>
   <subfield code="q">00183753</subfield>
   <subfield code="t">LOAN</subfield>
   <subfield code="y">0</subfield>
   <subfield code="4">1</subfield>
  </datafield>
  <datafield tag="960" ind1=" " ind2=" ">
   <subfield code="a">ΜΑΡΙΑ ΒΕΛ</subfield>
  </datafield>
 </record>
</collection>
